Talent relationship management : (Record no. 21195)
[ view plain ]
| 000 -LEADER | |
|---|---|
| fixed length control field | 00959cam a22002655a 4500 |
| 001 - CONTROL NUMBER | |
| control field | 18119051 |
| 005 - DATE AND TIME OF LATEST TRANSACTION | |
| control field | 20201128023636.0 |
| 008 - FIXED-LENGTH DATA ELEMENTS--GENERAL INFORMATION | |
| fixed length control field | 140417t2014 gw a frb 000 0 eng d |
| 020 ## - INTERNATIONAL STANDARD BOOK NUMBER | |
| International Standard Book Number | 9783642545566 |
| 040 ## - CATALOGING SOURCE | |
| Original cataloging agency | DLC |
| Language of cataloging | eng |
| Transcribing agency | DLC |
| Modifying agency | DLC |
| -- | EG-ScBUE |
| 041 1# - LANGUAGE CODE | |
| Language code of text/sound track or separate title | eng |
| Language code of original and/or intermediate translations of text | ger |
| 082 04 - DEWEY DECIMAL CLASSIFICATION NUMBER | |
| Edition number | 22 |
| Classification number | 658.3111 |
| Item number | TRO |
| 100 1# - MAIN ENTRY--PERSONAL NAME | |
| Personal name | Trost, Armin, |
| 9 (RLIN) | 39389 |
| Dates associated with a name | 1966- |
| 245 10 - TITLE STATEMENT | |
| Title | Talent relationship management : |
| Remainder of title | competitive recruiting strategies in times of talent shortage / |
| Statement of responsibility, etc | Armin Trost ; translated by Emily Plank. |
| 260 ## - PUBLICATION, DISTRIBUTION, ETC. (IMPRINT) | |
| Place of publication, distribution, etc | Heidelberg : |
| Name of publisher, distributor, etc | Springer, |
| Date of publication, distribution, etc | c.2014. |
| 300 ## - PHYSICAL DESCRIPTION | |
| Extent | viii, 155 p. : |
| Other physical details | ill. ; |
| Dimensions | 25 cm. |
| 490 0# - Series Statement | |
| Series statement | Management for professionals. |
| 504 ## - BIBLIOGRAPHY, ETC. NOTE | |
| Bibliography, etc | Includes bibliographical references. |
| 546 ## - LANGUAGE NOTE | |
| Language note | Text in English ; translated from original Germany. |
| 650 #7 - SUBJECT ADDED ENTRY--TOPICAL TERM | |
| Source of heading or term | BUEsh |
| 9 (RLIN) | 994 |
| Topical term or geographic name as entry element | Personnel management. |
| 650 #7 - SUBJECT ADDED ENTRY--TOPICAL TERM | |
| 9 (RLIN) | 38983 |
| Topical term or geographic name as entry element | Employees |
| General subdivision | Recruiting. |
| Source of heading or term | BUEsh |
| 653 ## - INDEX TERM--UNCONTROLLED | |
| Resource For college | BAEPS, Business Administration |
| Arrived date list | February2016 |
| 700 1# - ADDED ENTRY--PERSONAL NAME | |
| Personal name | Plank, Emily, |
| Relator term | translator. |
| 942 ## - ADDED ENTRY ELEMENTS (KOHA) | |
| Source of classification or shelving scheme | Dewey Decimal Classification |
| Withdrawn status | Item status | Source of classification or shelving scheme | Damaged status | Not for loan | Vendor | Home library | Current library | Shelving location | Date acquired | Source of acquisition | Cost, normal purchase price | Serial Enumeration / chronology | Total Checkouts | Total Renewals | Full call number | Barcode | Date last seen | Date last borrowed | Cost, replacement price | Koha item type |
|---|---|---|---|---|---|---|---|---|---|---|---|---|---|---|---|---|---|---|---|---|
| Dewey Decimal Classification | Academic Bookshop | Central Library | Central Library | First floor | 21/02/2016 | Purchase | 720.00 | 4873 | 1 | 5 | 658.3111 TRO | 000031622 | 15/07/2025 | 13/11/2016 | 900.00 | Book - Borrowing |